Gaming Quiz

Random Gaming or Mario Quiz

Mario Kart Items Quiz Stats

 Plays Quiz Updated Sep 9, 2014

     
Support Sporcle.
Go Orange.
Score 0/37 Timer 05:00
0 Plays Today
Game Item % Correct
Super Mario KartRed Shell
89.6%
Super Mario KartGreen Shell
89.3%
Super Mario KartBanana
89%
Super Mario KartPoison Mushroom
85.1%
Super Mario KartMushroom
84.6%
Mario Kart 64Spiny Shell
81.1%
Super Mario KartStar
75.3%
Mario Kart DSBullet Bill
66.8%
Mario Kart 64Fake Item Box
65.3%
Super Mario KartLightning Bolt
61.8%
Mario Kart 64Gold Mushroom
61%
Super Mario KartGhost
59.4%
Mario Kart 64Triple Green Shell
57.1%
Mario Kart 64Triple Red Shell
56.7%
Mario Kart: Double Dash!!Bob-omb
54.7%
Mario Kart 64Triple Mushroom
51.8%
Mario Kart: Double Dash!!Fireballs
50.8%
Mario Kart DSBlooper
48.8%
Mario Kart DSTriple Banana
44.5%
Game Item % Correct
Mario Kart WiiMega Mushroom
40.5%
Mario Kart: Double Dash!!Chain Chomp
38.8%
Mario Kart WiiPOW Block
32.8%
Mario Kart WiiThundercloud
30.4%
Super Mario KartCoins
29.9%
Mario Kart: Double Dash!!Bowser Shell
29.5%
Super Mario KartFeather
28.8%
Mario Kart 8Piranha Plant
28.6%
Mario Kart: Double Dash!!Eggs
27.9%
Mario Kart 7Fire Flower
26.8%
Mario Kart: Double Dash!!Giant Banana
26.8%
Mario Kart 8Super Horn
25.3%
Mario Kart: Double Dash!!Hearts
25.1%
Mario Kart 64Banana Bunch
23.3%
Mario Kart 8Crazy 8
23.1%
Mario Kart 7Lucky Seven
23%
Mario Kart 7Super Leaf
22%
Mario Kart 8Boomerang Flower
18.7%

From the Vault

Inaccurate Movies

by DarkPhalanx

Movies 5m
So Will Smith has never really saved the world? That can't be true.
Remove Ads.
Support Sporcle.
Get the best of Sporcle when you Go Orange. This ad-free experience offers more features, more stats, and more fun while also helping to support Sporcle. Thank you for becoming a member.

Show Comments

Extras

Top Quizzes Today


Score Distribution

Your Account Isn't Verified!

In order to create a playlist on Sporcle, you need to verify the email address you used during registration. Go to your Sporcle Settings to finish the process.

Report this User

Report this user for behavior that violates our Community Guidelines.

Details: